00435nam a2200121Ia 4500001000400000008004100004082001700045100003000062245015500092260002300247901002800270999001500298145241024s9999 xx 000 0 und d aRD/345/V719e aCarlos Villaverde Gómez 0aEstado de situación del sistema de justicia penal a la entrada en vigencia del núevo código procesal penal, síntesis de aspectos fundamentales bEditora Buhoc2005 a19/10/2010 3:13:45 p.m. c9542d9542